LEADER 00963cam0 22002531 450 001 SOBE00026502 005 20120627110217.0 100 $a20120627d1986 |||||ita|0103 ba 101 $aita 102 $aIT 200 1 $a<>giustizia costituzionale nel 1985$econferenza stampa del presidente Livio Paladin$ePalazzo della Consulta, 23 gennaio 1986$fCorte Costituzionale 210 $a[S.l.$cs.n.$d1986?] 215 $a33 p.$d21 cm 702 1$aPaladin, Livio$3AF00004135$4070 710 02$a*Italia : Corte costituzionale$3A600200042880$4070$0257747 801 0$aIT$bUNISOB$c20120627$gRICA 850 $aUNISOB 852 $aUNISOB$jFondo|Casavola|Opusc$m155758 912 $aSOBE00026502 940 $aM 102 Monografia moderna SBN 941 $aM 957 $aFondo|Casavola|Opusc$b002323$gSI$d155758$hCasavola$rdono$tN$1menle$2UNISOB$3UNISOB$420120627110222.0$520120627110628.0$6menle 996 $aGiustizia costituzionale nel 1985$91716999 997 $aUNISOB LEADER 01046nam 22003853 450 001 9910468028703321 005 20210901203152.0 010 $a0-429-96813-2 010 $a0-429-49958-2 035 $a(CKB)4920000000018253 035 $a(MiAaPQ)EBC5905564 035 $a(MiAaPQ)EBC625184 035 $a(Au-PeEL)EBL5905564 035 $a(EXLCZ)994920000000018253 100 $a20210901d2010 uy 0 101 0 $aeng 135 $aurcnu|||||||| 181 $ctxt$2rdacontent 182 $cc$2rdamedia 183 $acr$2rdacarrier 200 10$aIslamic Gunpowder Empires $eOttomans, Safavids, and Mughals 210 1$aMilton :$cRoutledge,$d2010. 210 4$dİ2011. 215 $a1 online resource (409 pages) 311 $a0-367-09592-0 608 $aElectronic books. 676 $a909/.09767 700 $aStreusand$b Douglas E$0983566 801 0$bMiAaPQ 801 1$bMiAaPQ 801 2$bMiAaPQ 906 $aBOOK 912 $a9910468028703321 996 $aIslamic Gunpowder Empires$92245312 997 $aUNINA